| 000 | 00439nam a2200145Ia 4500 | ||
|---|---|---|---|
| 008 | 150121s9999 xx 000 0 und d | ||
| 020 | _a2012-1652 | ||
| 245 | 4 |
_aThe Trinitian Researcher / _h[electronic resource] |
|
| 260 |
_bTrinity University of Asia, _c2013. |
||
| 516 | _aElectronic text | ||
| 650 | _aMultidisciplinary. | ||
| 830 | _aPhilippine E-Journals | ||
| 856 | _uhttp://www.ejournals.ph/index.php?journal=TTR | ||
| 942 | _cEJ | ||
| 999 |
_c277085 _d277085 |
||